Historia 1 : el mundo antiguo y la edad media /
Guardado en:
| Autor Principal: | |
|---|---|
| Otros Autores: | , |
| Formato: | Libro |
| Publicado: |
Buenos Aires :
Santillana
|
| Materias: | |
| Etiquetas: |
Agregar Etiqueta
Sin Etiquetas, Sea el primero en etiquetar este registro!
|
| LEADER | 01038nam a22002535a 4500 | ||
|---|---|---|---|
| 001 | CEM.cems009102 | ||
| 005 | 20080221162303.0 | ||
| 008 | 130507b######################000#0#####d | ||
| 003 | CEMS | ||
| 020 | |a 9504603014 | ||
| 082 | 0 | 4 | |a 930 |
| 100 | 1 | |a Iölster, Nelly E. de | |
| 245 | 1 | 0 | |a Historia 1 : |b el mundo antiguo y la edad media / |c Nelly E. de Iolster ... [et Al.] |
| 260 | |a Buenos Aires : |b Santillana | ||
| 300 | |a 207 p. | ||
| 505 | 0 | |a La historia antes de la historia -- El Cercano Oriente antiguo -- El mundo griego -- La antigua Roma -- La Edad Media -- La India y la China antigua | |
| 653 | |a Historia | ||
| 653 | |a Historia-3er. ciclo egb | ||
| 700 | 1 | |a Daneri, Alicia / Sosa Pujato, Leopoldo | |
| 700 | 1 | |a Luchilo, Lucas J. | |
| 859 | |a CEMS |b BIB. CEMS - 11 de abril |h 930 |i Iö5 |p 18714.95 |t Ej.1 |v 1 |3 1 | ||
| 859 | |a CEMS |b BIB. CEMS - 11 de abril |h 930 |i Iö5 |p 19165.97 |t Ej.2 |v 1 |3 1 | ||
| 859 | |a CEMS |b BIB. CEMS - 11 de abril |h 930 |i Iö5 |p 19166.97 |t Ej.3 |v 1 |3 1 | ||
| 859 | |a CEMS |b BIB. CEMS - 11 de abril |h 930 |i Iö5 |p 19167.97 |t Ej.4 |v 1 |3 1 | ||
